Darkness over Denmark : (Record no. 22418)
[ view plain ]
| 000 -LEADER | |
|---|---|
| fixed length control field | 00746cam a22002294i 4500 |
| 020 ## - INTERNATIONAL STANDARD BOOK NUMBER | |
| ISBN | 0823414477 |
| 020 ## - INTERNATIONAL STANDARD BOOK NUMBER | |
| ISBN | 9780823414475 |
| 020 ## - INTERNATIONAL STANDARD BOOK NUMBER | |
| ISBN | 0823417557 |
| 020 ## - INTERNATIONAL STANDARD BOOK NUMBER | |
| ISBN | 9780823417551 |
| 020 ## - INTERNATIONAL STANDARD BOOK NUMBER | |
| ISBN | 0439296293 |
| 020 ## - INTERNATIONAL STANDARD BOOK NUMBER | |
| ISBN | 9780439296298 |
| 040 ## - CATALOGING SOURCE | |
| Transcribing agency | DLC |
| 082 00 - DEWEY DECIMAL CLASSIFICATION NUMBER | |
| Classification number | 940 LEV 2000 C289 Or. |
| 100 1# - MAIN ENTRY--AUTHOR NAME | |
| Personal name | Levine, Ellen. |
| 245 10 - TITLE STATEMENT | |
| Title | Darkness over Denmark : |
| Remainder of title | the Danish resistance and the rescue of the Jews / |
| 300 ## - PHYSICAL DESCRIPTION | |
| Number of Pages | x, 164 pages : |
| Other physical details | illustrations, maps ; |
| Dimensions | 26 cm |
| 520 ## - SUMMARY, ETC. | |
| Summary, etc | An account of people in Denmark who risked their lives to protect and rescue their Jewish neighbors from the Nazis during World War II. |
| 650 #0 - SUBJECT ADDED ENTRY--TOPICAL TERM | |
| Topical Term | Jews |
| 650 #0 - SUBJECT ADDED ENTRY--TOPICAL TERM | |
| Topical Term | Holocaust, Jewish (1939-1945) |
| 650 #0 - SUBJECT ADDED ENTRY--TOPICAL TERM | |
| Topical Term | World War, 1939-1945 |
| 942 ## - ADDED ENTRY ELEMENTS (KOHA) | |
| Koha item type | ADB |
| 952 ## - LOCATION AND ITEM INFORMATION (KOHA) | |
| Withdrawn status [LOCAL, KOHA] | 0 |
| Permanent Location | Date acquired | Koha item type | Lost status | Shelving location | Barcode | Current Location | Full call number |
|---|---|---|---|---|---|---|---|
| Library Block C | 2023-12-25 | ADB | C289 | a15433 | Library Block C | 940 LEV 2000 C289 Or. |